Loading...
| Literature - European | 0 | 3 | 0 | 0 | 30 | 93 | 120.00 | 0 | 1 | 3.25 | 13.21 |
| Literature - British | 0 | 1 | 0 | 1 | 10 | 140 | 140.00 | 0 | 0 | 0.57 | 1.56 |
| Other Academic | 0 | 1 | 0 | 0 | 10 | 92 | 92.00 | 0 | 0 | 3.60 | 4.76 |
| Science - Other | 0 | 1 | 0 | 1 | 10 | 133 | 133.00 | 0 | 0 | 0.05 | 1.56 |
| Science - Physics | 0 | 0 | 0 | 0 | 0 | 0.00 | 0 | 0 | 0.00 | 0.00 | |
| History - American | 0 | 0 | 0 | 0 | 0 | 0.00 | 0 | 0 | 0.00 | 0.00 | |
| Literature - American | 0 | 0 | 0 | 0 | 0 | 0.00 | 0 | 0 | 0.00 | 0.00 | |
| Religion | 0 | 0 | 0 | 0 | 0 | 0.00 | 0 | 0 | 0.00 | 0.00 | |
| Science - Biology | 0 | 1 | 2 | 1 | 0 | 131 | 131.00 | 0 | 0 | -0.10 | 1.04 |
| Science - Chemistry | 0 | 0 | 0 | 0 | 0 | 0.00 | 0 | 0 | 0.00 | 0.00 | |
| Fine Arts - Other | 0 | 0 | 1 | 0 | -5 | 0.00 | 0 | 0 | 0.00 | 0.00 | |
| Fine Arts - Painting & Sculpture | 0 | 1 | 3 | 0 | -5 | 140 | 140.00 | 0 | 0 | 0.04 | 2.86 |
| Philosophy | 0 | 0 | 2 | 0 | -10 | 0.00 | 0 | 0 | 0.00 | 0.00 |